[Event "Chigorin Memorial 26th"]
[Site "St Petersburg"]
[Date "2018.11.02"]
[Round "7"]
[White "Grishaev, Igor"]
[Black "Torres Dominguez, David"]
[Result "0-1"]
[WhiteElo "1893"]
[BlackElo "2067"]
[PlyCount "114"]
[EventDate "2018.10.27"]
[EventType "swiss"]
[EventRounds "9"]
[EventCountry "RUS"]
[SourceTitle "CBM 187 Extra"]
[Source "ChessBase"]
[SourceDate "2018.11.04"]
[SourceVersion "1"]
[SourceVersionDate "2018.11.04"]
[SourceQuality "1"]

1. d4 d6 2. e4 Nf6 3. Nc3 e5 4. dxe5 dxe5 5. Qxd8+ Kxd8 6. Bg5 Be7 7. 0-0-0+ Nbd7 8. Bc4 Ne8 9. Nf3 Nd6 10. Bb3 f6 11. Be3 c6 12. Rd2 Kc7 13. Rhd1 Rd8 14. Nh4 Nf8 15. f4 exf4 16. Bxf4 g5 17. Nf5 Bxf5 18. Bxd6+ Bxd6 19. exf5 Bf4 20. Ne4 Rd4 21. Nc5 Re8 22. Nd3 Bxd2+ 23. Kxd2 b6 24. Kc3 Rd7 25. h4 h6 26. h5 Re2 27. Rg1 Re4 28. a4 a5 29. Bc4 Rdd4 30. b3 Rh4 31. Re1 Rde4 32. Rd1 Rxh5 33. Nf2 Re3+ 34. Kd4 Re7 35. Bd3 Nd7 36. Ne4 Rh4 37. g3 Rg4 38. b4 axb4 39. a5 b5 40. Rh1 c5+ 41. Ke3 c4 42. Kf3 Ne5+ 43. Kf2 Nd7 44. Kf3 cxd3 45. Kxg4 Rxe4+ 46. Kf3 dxc2 47. Kxe4 Nc5+ 48. Kd5 Nb3 49. Ke6 c1Q 50. Rxc1+ Nxc1 51. Kxf6 b3 52. Kg7 b2 53. f6 b1Q 54. f7 Qf5 55. f8Q Qxf8+ 56. Kxf8 h5 57. Kg7 h4 0-1

[Event "Chigorin Memorial 26th"]
[Site "St Petersburg"]
[Date "2018.10.30"]
[Round "4"]
[White "Kobak, Polina"]
[Black "Grishaev, Igor"]
[Result "0-1"]
[WhiteElo "1373"]
[BlackElo "1893"]
[PlyCount "172"]
[EventDate "2018.10.27"]
[EventType "swiss"]
[EventRounds "9"]
[EventCountry "RUS"]
[SourceTitle "CBM 187 Extra"]
[Source "ChessBase"]
[SourceDate "2018.11.04"]
[SourceVersion "1"]
[SourceVersionDate "2018.11.04"]
[SourceQuality "1"]

1. d4 Nf6 2. c4 g6 3. f3 c6 4. e4 d5 5. e5 Nfd7 6. cxd5 cxd5 7. Nc3 Nc6 8. Nxd5 Bg7 9. Be3 0-0 10. Bb5 Qa5+ 11. Nc3 Rd8 12. Bxc6 bxc6 13. Nge2 Nxe5 14. 0-0 Nc4 15. Bc1 Qb6 16. Kh1 e5 17. Na4 Qc7 18. Qc2 Be6 19. Nc5 Bd5 20. b3 Nb6 21. Bb2 exd4 22. Rad1 Re8 23. Bxd4 Qe7 24. Ng3 Bxd4 25. Rxd4 h5 26. Rdd1 f5 27. Nxh5 gxh5 28. Qxf5 Bf7 29. Ne4 Kg7 30. Nd6 Rf8 31. Qh3 Bg6 32. Rfe1 Qg5 33. Ne4 Bxe4 34. Rxe4 Rae8 35. Rde1 Rxe4 36. fxe4 Qe5 37. Qe3 Rf7 38. Kg1 Nd7 39. Qxa7 Nf6 40. Qe3 Ng4 41. Qg3 Qd4+ 42. Kh1 Qf6 43. Kg1 Qd4+ 44. Kh1 Kh6 45. h3 Nf2+ 46. Kh2 Nxe4 47. Qe3+ Qxe3 48. Rxe3 Re7 49. Re1 h4 50. Rf1 Kg5 51. Rf8 Re6 52. Rg8+ Rg6 53. Re8 Kf4 54. Rh8 Kg5 55. Re8 Ng3 56. Re1 Kf5 57. a4 Re6 58. Rc1 Re2 59. Rc5+ Re5 60. Rc1 Kg5 61. Ra1 Rf5 62. a5 Rf1 63. Rxf1 Nxf1+ 64. Kg1 Ne3 65. Kf2 Kf4 66. b4 Nd5 67. a6 Nb6 68. Kf1 Nc8 69. Kf2 Na7 70. Kf1 Ke3 71. g3 hxg3 72. h4 Kf4 73. Kg2 Kg4 74. h5 Kxh5 75. Kxg3 Kg5 76. Kf3 Kf5 77. Ke3 Ke5 78. Kd3 Kd5 79. Kc3 Nb5+ 80. Kd3 Kd6 81. Kc4 Kc7 82. Kc5 Na7 83. Kc4 Kb6 84. Kd4 Kxa6 85. Kc5 Kb7 86. Kd6 Kb6 0-1

[Event "Pardubice op rapid 28th"]
[Site "Pardubice"]
[Date "2017.07.20"]
[Round "7"]
[White "Granovskiy, Alexandr"]
[Black "Grishaev, Igor"]
[Result "1-0"]
[WhiteElo "2282"]
[BlackElo "1937"]
[PlyCount "79"]
[EventDate "2017.07.19"]
[EventType "swiss (rapid)"]
[EventRounds "9"]
[EventCountry "CZE"]
[SourceTitle "CBM 179 Extra"]
[Source "ChessBase"]
[SourceDate "2017.08.23"]
[SourceVersion "1"]
[SourceVersionDate "2017.08.23"]
[SourceQuality "1"]

1. d4 Nf6 2. Bg5 h6 3. Bxf6 exf6 4. e3 d5 5. g3 f5 6. Bg2 Be7 7. Ne2 0-0 8. Nd2 Bf6 9. 0-0 c5 10. c3 c4 11. Nf4 Be6 12. b3 cxb3 13. axb3 Nc6 14. c4 Nb4 15. cxd5 Nxd5 16. Nxe6 fxe6 17. Nc4 a6 18. Qd2 Rc8 19. Rfc1 Rc7 20. Na5 Rd7 21. Nc4 Be7 22. Ne5 Bb4 23. Qd3 Rc7 24. Rc4 a5 25. Rac1 Rxc4 26. Qxc4 g5 27. Bxd5 exd5 28. Qb5 f4 29. exf4 gxf4 30. Qxb7 fxg3 31. hxg3 Qf6 32. Qxd5+ Kh8 33. Ng4 Qg6 34. Ne3 Bd2 35. Rc6 Qb1+ 36. Kg2 Bxe3 37. Qe5+ Kg8 38. Qe6+ Kh8 39. Qxe3 Kg8 40. Qe6+ 1-0

[Event "Pardubice op rapid 28th"]
[Site "Pardubice"]
[Date "2017.07.20"]
[Round "4"]
[White "Grishaev, Igor"]
[Black "Zpevakova, Jana"]
[Result "1-0"]
[WhiteElo "1937"]
[BlackElo "2118"]
[PlyCount "91"]
[EventDate "2017.07.19"]
[EventType "swiss (rapid)"]
[EventRounds "9"]
[EventCountry "CZE"]
[SourceTitle "CBM 179 Extra"]
[Source "ChessBase"]
[SourceDate "2017.08.23"]
[SourceVersion "1"]
[SourceVersionDate "2017.08.23"]
[SourceQuality "1"]

1. d4 Nf6 2. Nf3 d5 3. c4 dxc4 4. e3 e6 5. Bxc4 a6 6. 0-0 c5 7. Nc3 b5 8. Bd3 Bb7 9. dxc5 Bxc5 10. e4 Nbd7 11. Bg5 Qb6 12. Qe2 0-0 13. h3 h6 14. Bh4 Nh5 15. Bc2 Bc6 16. Rad1 Qc7 17. Bb1 Nf4 18. Qc2 Ng6 19. Kh1 Rac8 20. Bg3 Qb6 21. a3 Rfd8 22. Nd2 e5 23. Ba2 Nf6 24. Qb3 Qb7 25. Bh2 Bd4 26. Ne2 Nxe4 27. Nxd4 exd4 28. Qd3 Nxd2 29. Qxg6 Nc4 30. Qg4 Rd5 31. Bf4 Kf8 32. Rd3 g5 33. Bh2 Bd7 34. Qh5 Kg7 35. f4 Qb6 36. fxg5 Qg6 37. gxh6+ Kg8 38. Qxd5 Bc6 39. Qxf7+ Qxf7 40. Rxf7 Kxf7 41. Rxd4 Rg8 42. Rg4 Rd8 43. Bf4 Rd1+ 44. Kh2 Bd5 45. h7 Bxg2 46. h8Q 1-0

[Event "Pardubice op rapid 28th"]
[Site "Pardubice"]
[Date "2017.07.19"]
[Round "2"]
[White "Grishaev, Igor"]
[Black "Sir, Zbynek"]
[Result "0-1"]
[WhiteElo "1937"]
[BlackElo "2199"]
[PlyCount "86"]
[EventDate "2017.07.19"]
[EventType "swiss (rapid)"]
[EventRounds "9"]
[EventCountry "CZE"]
[SourceTitle "CBM 179 Extra"]
[Source "ChessBase"]
[SourceDate "2017.08.23"]
[SourceVersion "1"]
[SourceVersionDate "2017.08.23"]
[SourceQuality "1"]

1. d4 c5 2. d5 b5 3. e4 a6 4. f4 d6 5. Nf3 g6 6. Be2 Bg7 7. 0-0 Nf6 8. e5 dxe5 9. fxe5 Nxd5 10. c4 bxc4 11. Bxc4 e6 12. Bg5 Qd7 13. Nbd2 h6 14. Ne4 0-0 15. Bxd5 Qxd5 16. Nf6+ Bxf6 17. Bxf6 Nd7 18. Qc1 Nxf6 19. Qxh6 Nh7 20. Rad1 Qe4 21. Qxh7+ Kxh7 22. Ng5+ Kg7 23. Nxe4 Rb8 24. Rd2 Bb7 25. Nxc5 Bc6 26. b3 Rb5 27. Rc1 Bd5 28. Nxa6 Ra5 29. Nb4 Be4 30. Rc4 Rxe5 31. Re2 f5 32. Rc7+ Kf6 33. Rd2 Rb8 34. Nc6 Bxc6 35. Rxc6 Rb4 36. Kf2 Rf4+ 37. Kg3 g5 38. Rd3 Re2 39. h4 Rxh4 40. a4 Rg4+ 41. Kf3 Rgxg2 42. Re3 g4+ 43. Kf4 Ref2+ 0-1

[Event "Voronezh op-A 21st"]
[Site "Voronezh"]
[Date "2017.06.16"]
[Round "5"]
[White "Sakorenko, Adriana"]
[Black "Grishaev, Igor"]
[Result "1-0"]
[WhiteElo "2140"]
[BlackElo "1931"]
[PlyCount "87"]
[EventDate "2017.06.12"]
[EventType "swiss"]
[EventRounds "9"]
[EventCountry "RUS"]
[SourceTitle "EXT 2018"]
[Source "ChessBase"]
[SourceDate "2017.10.13"]
[SourceVersion "1"]
[SourceVersionDate "2017.10.13"]
[SourceQuality "1"]

1. d4 e5 2. dxe5 Nc6 3. Nf3 f6 4. exf6 Nxf6 5. e3 d5 6. Be2 Bd6 7. 0-0 0-0 8. c4 Be6 9. cxd5 Bxd5 10. Nc3 Kh8 11. Nxd5 Nxd5 12. g3 Nf6 13. b3 Qd7 14. Kg2 Rad8 15. Bb2 Ne4 16. Qc2 Qe6 17. Bd3 Nb4 18. Qc4 Qxc4 19. Bxc4 a6 20. a3 b5 21. Be2 Nd5 22. Nd4 Rde8 23. Bf3 c5 24. Ne2 c4 25. Rad1 c3 26. Bxe4 cxb2 27. Rxd5 Bxa3 28. Bb1 Rb8 29. Nd4 Rbc8 30. Nc2 Bc5 31. b4 Be7 32. Rd2 Rc4 33. Ba2 Bxb4 34. Nxb4 Rxb4 35. Rb1 Ra4 36. Rbxb2 g5 37. Bd5 Rf6 38. e4 g4 39. e5 Rf8 40. e6 Kg7 41. Re2 Kf6 42. e7 Re8 43. Re6+ Kf5 44. Rbe2 1-0

[Event "Voronezh op-A 21st"]
[Site "Voronezh"]
[Date "2017.06.12"]
[Round "1"]
[White "Murtazin, Ruslan"]
[Black "Grishaev, Igor"]
[Result "1-0"]
[WhiteElo "2359"]
[BlackElo "1931"]
[PlyCount "53"]
[EventDate "2017.06.12"]
[EventType "swiss"]
[EventRounds "9"]
[EventCountry "RUS"]
[SourceTitle "EXT 2018"]
[Source "ChessBase"]
[SourceDate "2017.10.13"]
[SourceVersion "1"]
[SourceVersionDate "2017.10.13"]
[SourceQuality "1"]

1. e4 e5 2. Nf3 Nc6 3. d4 exd4 4. Nxd4 Nf6 5. Nxc6 dxc6 6. Qxd8+ Kxd8 7. f3 Bd6 8. Nd2 Re8 9. Nc4 Bc5 10. Bg5 h6 11. 0-0-0+ Ke7 12. Bf4 b5 13. Na5 Bd7 14. Bxc7 Rec8 15. Bf4 Ne8 16. Nb7 Bb6 17. c4 a5 18. c5 Bc7 19. Bd6+ Bxd6 20. cxd6+ Kf6 21. Nc5 Ra7 22. f4 g5 23. g3 Ng7 24. Nxd7+ Rxd7 25. Bh3 Ne6 26. e5+ Kg7 27. f5 1-0

[Event "Chigorin Memorial 24th"]
[Site "St Petersburg"]
[Date "2016.10.20"]
[Round "6"]
[White "Yeritsyan, Hayk"]
[Black "Grishaev, Igor"]
[Result "1-0"]
[WhiteElo "2191"]
[BlackElo "1956"]
[PlyCount "89"]
[EventDate "2016.10.15"]
[EventType "swiss"]
[EventRounds "9"]
[EventCountry "RUS"]
[SourceTitle "CBM 175 Extra"]
[Source "ChessBase"]
[SourceDate "2016.12.12"]
[SourceVersion "1"]
[SourceVersionDate "2016.12.12"]
[SourceQuality "1"]

1. e4 c5 2. Nf3 d6 3. d4 cxd4 4. Nxd4 Nf6 5. Nc3 a6 6. Be3 e5 7. Nf3 Be7 8. Bc4 0-0 9. 0-0 Nc6 10. Bb3 Bg4 11. h3 Bh5 12. a4 Kh8 13. Bc4 Qd7 14. Be2 Rad8 15. Bg5 Bg6 16. Bxf6 Bxf6 17. Nd2 Bg5 18. Bg4 f5 19. exf5 Bxf5 20. Nde4 Bh6 21. Nd5 Nd4 22. c3 Qc6 23. Bxf5 Qxd5 24. Ng3 Rxf5 25. Nxf5 Rf8 26. Ne3 Bxe3 27. fxe3 Rxf1+ 28. Qxf1 Ne6 29. Rd1 Qc6 30. Qf7 d5 31. Rxd5 Qxd5 32. Qe8+ Nf8 33. Qxf8+ Qg8 34. Qxg8+ Kxg8 35. Kf2 Kf7 36. Kf3 Ke6 37. Ke4 b5 38. axb5 axb5 39. b3 g6 40. c4 bxc4 41. bxc4 Kd6 42. c5+ Kxc5 43. Kxe5 Kc4 44. e4 Kd3 45. Kd5 1-0

[Event "Voronezh op-A 20th"]
[Site "Voronezh"]
[Date "2016.06.16"]
[Round "5"]
[White "Grishaev, Igor"]
[Black "Protopopova, Anastasiya"]
[Result "1-0"]
[WhiteElo "1935"]
[BlackElo "2242"]
[PlyCount "109"]
[EventDate "2016.06.12"]
[EventType "swiss"]
[EventRounds "9"]
[EventCountry "RUS"]
[SourceTitle "EXT 2019"]
[Source "ChessBase"]
[SourceDate "2018.10.10"]
[SourceVersion "1"]
[SourceVersionDate "2018.10.10"]
[SourceQuality "1"]

1. d4 Nf6 2. Nf3 e6 3. c4 b6 4. Nc3 Bb4 5. a3 Bxc3+ 6. bxc3 Bb7 7. Nd2 0-0 8. Qc2 d5 9. e3 Ne4 10. cxd5 Nxd2 11. Bxd2 exd5 12. Bd3 h6 13. h4 Bc8 14. f3 Qd6 15. Ke2 f5 16. c4 dxc4 17. Qxc4+ Be6 18. Bb4 Qd7 19. Qb5 c6 20. Qa4 Re8 21. Kf2 f4 22. Rae1 fxe3+ 23. Rxe3 Qxd4 24. Be4 a5 25. Rd1 Qc4 26. Bg6 b5 27. Qxa5 Rxa5 28. Bxe8 Ra8 29. Re4 Qc2+ 30. Rd2 Qxd2+ 31. Bxd2 Bd5 32. Rf4 Na6 33. Bg6 Nc5 34. Bb4 Nd7 35. Bd6 Nb6 36. Bc5 Nc4 37. Be4 Bxe4 38. fxe4 Ne5 39. Ke3 Rd8 40. Rf5 Re8 41. h5 Nc4+ 42. Kd4 Nd2 43. Bb4 Nxe4 44. Re5 Nf6 45. Rxe8+ Nxe8 46. Kc5 Kf7 47. Kxc6 Ke6 48. Bf8 Kf7 49. Bc5 Ke6 50. Bb4 Nf6 51. Kxb5 Kd7 52. Bc3 Ne8 53. Kc5 Nc7 54. Be5 Ne6+ 55. Kd5 1-0

[Event "Voronezh op-A 20th"]
[Site "Voronezh"]
[Date "2016.06.14"]
[Round "3"]
[White "Schekachikhin, Maksim"]
[Black "Grishaev, Igor"]
[Result "1-0"]
[WhiteElo "2349"]
[BlackElo "1935"]
[PlyCount "77"]
[EventDate "2016.06.12"]
[EventType "swiss"]
[EventRounds "9"]
[EventCountry "RUS"]
[SourceTitle "EXT 2019"]
[Source "ChessBase"]
[SourceDate "2018.10.10"]
[SourceVersion "1"]
[SourceVersionDate "2018.10.10"]
[SourceQuality "1"]

1. d4 Nf6 2. c4 e6 3. Nc3 d5 4. cxd5 exd5 5. Bg5 Be7 6. Qc2 c6 7. e3 Nbd7 8. Bd3 h6 9. Bh4 0-0 10. Nge2 c5 11. dxc5 g5 12. Bg3 Nxc5 13. 0-0 Ne6 14. Rad1 Qa5 15. Nb5 h5 16. h4 Ng4 17. hxg5 Bxg5 18. Ned4 Nxd4 19. Nxd4 Qb6 20. Rfe1 Qf6 21. Nf3 Be6 22. Nxg5 Qxg5 23. Bf4 Qf6 24. Qe2 d4 25. Bb1 Rad8 26. Qd3 Rfe8 27. Qh7+ Kf8 28. Qxh5 Rd5 29. Qh3 Red8 30. Qf3 Qh8 31. Rxd4 Ke7 32. Rxd5 Rxd5 33. Rd1 Rh5 34. g3 Qxb2 35. Be4 Nxf2 36. Bd6+ Ke8 37. Bc6+ Kd8 38. Be5+ Nxd1 39. Bxb2 1-0

[Event "Moscow op-A"]
[Site "Moscow"]
[Date "2016.01.30"]
[Round "1"]
[White "Natacheev, Peter"]
[Black "Grishaev, Igor"]
[Result "1-0"]
[WhiteElo "2341"]
[BlackElo "1933"]
[PlyCount "63"]
[EventDate "2016.01.30"]
[EventType "swiss"]
[EventRounds "9"]
[EventCountry "RUS"]
[SourceTitle "CBM 170 Extra"]
[Source "ChessBase"]
[SourceDate "2016.02.25"]
[SourceVersion "1"]
[SourceVersionDate "2016.02.25"]
[SourceQuality "1"]

1. e4 c5 2. Nf3 Nc6 3. d3 d5 4. exd5 Nf6 5. dxc6 bxc6 6. Nc3 e6 7. Be2 Bd6 8. Ne4 0-0 9. 0-0 Rb8 10. b3 Nd5 11. c4 Ne7 12. Bb2 Bc7 13. Nxc5 f6 14. d4 Qd6 15. Qd2 g5 16. Ne4 Qd8 17. h3 Rf7 18. d5 Bf4 19. Qc3 e5 20. d6 Ng6 21. c5 g4 22. hxg4 Rg7 23. g3 Bxg4 24. Bc1 Bf5 25. Bc4+ Kh8 26. Re1 Bxe4 27. Rxe4 Qd7 28. Bxf4 Nxf4 29. Rxf4 exf4 30. Qxf6 fxg3 31. Ng5 Rb7 32. Qf8+ 1-0

[Event "Voronezh op-A 19th"]
[Site "Voronezh"]
[Date "2015.06.14"]
[Round "3"]
[White "Grishaev, Igor"]
[Black "Ehab, Mohamed"]
[Result "0-1"]
[WhiteElo "1914"]
[BlackElo "2002"]
[PlyCount "66"]
[EventDate "2015.06.12"]
[EventType "swiss"]
[EventRounds "9"]
[EventCountry "RUS"]
[SourceTitle "CBM 167 Extra"]
[Source "ChessBase"]
[SourceDate "2015.09.14"]
[SourceVersion "1"]
[SourceVersionDate "2015.09.14"]
[SourceQuality "1"]

1. d4 Nf6 2. c4 e6 3. Nf3 c5 4. Nc3 cxd4 5. Nxd4 a6 6. g3 Nc6 7. Bg2 Be7 8. 0-0 0-0 9. b3 Qc7 10. Bb2 d6 11. Nc2 Rd8 12. e4 Rb8 13. Qe2 b5 14. cxb5 axb5 15. Rfe1 b4 16. Na4 Qa7 17. Rad1 Ba6 18. Qd2 d5 19. exd5 Nxd5 20. Nd4 Nxd4 21. Bxd4 Qd7 22. Qb2 Nc3 23. Nxc3 bxc3 24. Qc2 Rbc8 25. Bf3 Qxd4 26. Rxd4 Rxd4 27. Be4 Rd2 28. Qc1 Bc5 29. Rd1 Bxf2+ 30. Kh1 Be3 31. a4 f5 32. Bf3 Rxd1+ 33. Qxd1 c2 0-1

[Event "Voronezh op-A 19th"]
[Site "Voronezh"]
[Date "2015.06.12"]
[Round "1"]
[White "Grishaev, Igor"]
[Black "Tarasov, Alexandr"]
[Result "0-1"]
[WhiteElo "1914"]
[BlackElo "2309"]
[PlyCount "58"]
[EventDate "2015.06.12"]
[EventType "swiss"]
[EventRounds "9"]
[EventCountry "RUS"]
[SourceTitle "CBM 167 Extra"]
[Source "ChessBase"]
[SourceDate "2015.09.14"]
[SourceVersion "1"]
[SourceVersionDate "2015.09.14"]
[SourceQuality "1"]

1. d4 e6 2. c4 Nf6 3. Nf3 b6 4. g3 Ba6 5. b3 d5 6. Bg2 Bb4+ 7. Kf1 0-0 8. Bd2 Bd6 9. Qc1 Nbd7 10. Bf4 Bxf4 11. gxf4 c5 12. Rg1 Rc8 13. Na3 Qe7 14. Nc2 dxc4 15. Qa3 cxb3 16. axb3 Bb7 17. Ne5 Bxg2+ 18. Kxg2 a5 19. Ne3 Nd5 20. Kf3 Nxe5+ 21. dxe5 f6 22. exf6 Rxf6 23. Nxd5 exd5 24. e3 Qe4+ 25. Ke2 Rxf4 26. Qb2 d4 27. Rg3 Rcf8 28. Rf1 Rf3 29. Qb1 Rxf2+ 0-1

[Event "Moscow op-A"]
[Site "Moscow"]
[Date "2015.02.02"]
[Round "3"]
[White "Dzhaumutbaev, Erzhan"]
[Black "Grishaev, Igor"]
[Result "1-0"]
[WhiteElo "2190"]
[BlackElo "1938"]
[PlyCount "51"]
[EventDate "2015.01.31"]
[EventType "swiss"]
[EventRounds "9"]
[EventCountry "RUS"]
[SourceTitle "CBM 164 Extra"]
[Source "ChessBase"]
[SourceDate "2015.03.02"]
[SourceVersion "1"]
[SourceVersionDate "2015.03.02"]
[SourceQuality "1"]

1. e4 c5 2. Nf3 d6 3. d4 cxd4 4. Qxd4 Nc6 5. Bb5 Bd7 6. Bxc6 Bxc6 7. Nc3 Nf6 8. Bg5 h6 9. Bh4 Qa5 10. 0-0-0 e5 11. Qd3 Nd7 12. Nd2 Nc5 13. Qe3 Rc8 14. f4 b5 15. fxe5 b4 16. Nc4 Qa6 17. Nxd6+ Bxd6 18. Rxd6 Ne6 19. Nd5 Qxa2 20. Rxe6+ fxe6 21. Qc5 Kf7 22. Qe7+ Kg6 23. Qxe6+ Kh5 24. Nf4+ Kxh4 25. g3+ Kg5 26. h4# 1-0

[Event "Moscow-ch sf"]
[Site "Moscow"]
[Date "2011.03.13"]
[Round "1"]
[White "Grishaev, Igor"]
[Black "Tilicheev, Viacheslav"]
[Result "0-1"]
[WhiteElo "1986"]
[BlackElo "2336"]
[PlyCount "60"]
[EventDate "2011.03.13"]
[EventType "swiss"]
[EventRounds "9"]
[EventCountry "RUS"]
[SourceTitle "CBM 141 Extra"]
[Source "ChessBase"]
[SourceDate "2011.05.03"]
[SourceVersion "1"]
[SourceVersionDate "2011.05.03"]
[SourceQuality "1"]

1. e4 c5 2. Nf3 d6 3. d4 cxd4 4. Nxd4 Nf6 5. Nc3 Nc6 6. Bc4 e6 7. 0-0 Be7 8. Be3 a6 9. a3 Qc7 10. Be2 0-0 11. f4 Nxd4 12. Bxd4 e5 13. Be3 exf4 14. Rxf4 Be6 15. Nd5 Bxd5 16. exd5 Nd7 17. Bd3 Ne5 18. Bd4 g6 19. h4 f5 20. Qe1 Bf6 21. Rd1 Rae8 22. Qg3 Ng4 23. c3 Bxd4+ 24. cxd4 Re3 25. Rf3 Rfe8 26. h5 Qb6 27. Qf4 Qb3 28. Rd2 Qxd5 29. hxg6 hxg6 30. Rc2 Rxd3 0-1

[Event "Moscow op-E"]
[Site "Moscow"]
[Date "2011.01.29"]
[Round "1.78"]
[White "Grishaev, Igor"]
[Black "Ajrapetian, Gevorg"]
[Result "0-1"]
[WhiteElo "1991"]
[BlackElo "2410"]
[PlyCount "56"]
[EventDate "2011.01.29"]
[EventType "swiss"]
[EventRounds "9"]
[EventCountry "RUS"]
[SourceTitle "EXT 2022"]
[Source "ChessBase"]
[SourceDate "2021.10.06"]
[SourceVersion "1"]
[SourceVersionDate "2021.10.06"]
[SourceQuality "1"]

1. e4 c5 2. Nf3 e6 3. d4 cxd4 4. Nxd4 a6 5. c4 Nf6 6. Nc3 Qc7 7. a3 d6 8. Be3 b6 9. Be2 Bb7 10. f3 Be7 11. Rc1 Nbd7 12. 0-0 0-0 13. b4 Rac8 14. Qb3 Qb8 15. Rfd1 Bd8 16. Kh1 Bc7 17. Bg1 Kh8 18. Na4 Rg8 19. Nc2 g5 20. Ne3 g4 21. Nxg4 Nxg4 22. fxg4 Bxe4 23. Qb2+ Ne5 24. Qd4 Qb7 25. h3 Bxg2+ 26. Kh2 f6 27. Rc3 Bf3 28. Qf4 d5 0-1

[Event "Moscow-ch sf"]
[Site "Moscow"]
[Date "2010.03.13"]
[Round "5"]
[White "Grishaev, Igor"]
[Black "Rakhimgaliyev, Yerlan"]
[Result "0-1"]
[WhiteElo "1994"]
[BlackElo "2329"]
[PlyCount "68"]
[EventDate "2010.03.06"]
[EventType "swiss"]
[EventRounds "9"]
[EventCountry "RUS"]
[SourceTitle "CBM 135 Extra"]
[Source "ChessBase"]
[SourceDate "2010.05.04"]
[SourceVersion "1"]
[SourceVersionDate "2010.05.04"]
[SourceQuality "1"]

1. e4 c5 2. Nf3 d6 3. d4 cxd4 4. Nxd4 Nf6 5. Nc3 a6 6. f3 e5 7. Nb3 Be6 8. Be3 Nbd7 9. Qd2 b5 10. g4 b4 11. Na4 Qc7 12. g5 Nxe4 13. fxe4 Qc6 14. Nc3 bxc3 15. bxc3 Nb6 16. Bxb6 Qxb6 17. 0-0-0 Be7 18. Rg1 0-0 19. Rg3 a5 20. a4 Rfd8 21. Bb5 d5 22. Qe2 dxe4 23. Rxd8+ Rxd8 24. c4 e3 25. h4 Bb4 26. Qxe3 Qd6 27. Rg1 Bf5 28. Qf3 Ba3+ 29. Kb1 Qb4 30. Rf1 Bd3 31. Qxf7+ Kh8 32. c5 Bxf1 33. Ka2 Bxb5 34. axb5 a4 0-1

[Event "Moscow op-B"]
[Site "Moscow"]
[Date "2009.02.06"]
[Round "7"]
[White "Grishaev, Igor"]
[Black "Motruk, Oleg"]
[Result "1-0"]
[WhiteElo "2010"]
[BlackElo "1727"]
[PlyCount "36"]
[EventDate "2009.01.31"]
[EventType "swiss"]
[EventRounds "9"]
[EventCountry "RUS"]
[SourceTitle "EXT 2012"]
[Source "ChessBase"]
[SourceDate "2011.11.24"]
[SourceVersion "1"]
[SourceVersionDate "2011.11.24"]
[SourceQuality "1"]

1. e4 d5 2. exd5 Nf6 3. d4 Nxd5 4. Nf3 g6 5. Bc4 c6 6. 0-0 Bg7 7. h3 0-0 8. Bg5 h6 9. Bh4 Nf4 10. c3 Qd7 11. Nbd2 Nxg2 12. Kxg2 Qxh3+ 13. Kg1 Bg4 14. Bg3 h5 15. Re1 Bxf3 16. Qxf3 Bf6 17. Bf4 Qd7 18. Re4 Kg7 1-0

[Event "Moscow op-B 04th"]
[Site "Moscow"]
[Date "2008.02.09"]
[Round "8"]
[White "Grishaev, Igor"]
[Black "Dubograev, Daniil"]
[Result "0-1"]
[WhiteElo "1945"]
[BlackElo "2147"]
[PlyCount "42"]
[EventDate "2008.02.02"]
[EventType "swiss"]
[EventRounds "9"]
[EventCountry "RUS"]
[SourceTitle "CBM 122 Extra"]
[Source "ChessBase"]
[SourceDate "2008.03.04"]
[SourceVersion "1"]
[SourceVersionDate "2008.03.04"]
[SourceQuality "1"]

1. e4 e6 2. d4 d5 3. Nc3 Bb4 4. e5 c5 5. a3 Bxc3+ 6. bxc3 Ne7 7. Qg4 Qc7 8. Bd2 cxd4 9. cxd4 Qxc2 10. Qxg7 Rg8 11. Qf6 Qb2 12. Rc1 Qxd4 13. Bb4 Qe4+ 14. Be2 Nbc6 15. f3 Qe3 16. Rc3 Qb6 17. Rb3 Rxg2 18. Nh3 Nxb4 19. Rxb4 Qe3 20. Nf4 Qc1+ 21. Bd1 Qd2+ 0-1

[Event "Moscow op-B 04th"]
[Site "Moscow"]
[Date "2008.02.03"]
[Round "2"]
[White "Grishaev, Igor"]
[Black "Shcherbin, Matvei"]
[Result "0-1"]
[WhiteElo "1945"]
[BlackElo "2229"]
[PlyCount "90"]
[EventDate "2008.02.02"]
[EventType "swiss"]
[EventRounds "9"]
[EventCountry "RUS"]
[SourceTitle "CBM 122 Extra"]
[Source "ChessBase"]
[SourceDate "2008.03.04"]
[SourceVersion "1"]
[SourceVersionDate "2008.03.04"]
[SourceQuality "1"]

1. e4 c5 2. Nf3 e6 3. d4 cxd4 4. Nxd4 Bc5 5. Nb3 Bb6 6. c4 d6 7. Nc3 Ne7 8. Bf4 e5 9. Bg3 Nbc6 10. Be2 0-0 11. Qd2 a6 12. Rd1 Nd4 13. Nxd4 Bxd4 14. Bh4 f6 15. g4 Be6 16. Nd5 Bxd5 17. exd5 Qb6 18. b3 Ng6 19. Bg3 f5 20. gxf5 Rxf5 21. Bd3 Rf6 22. Bxg6 Rxg6 23. 0-0 Rf8 24. Kg2 Qd8 25. f4 h5 26. Qd3 Qe8 27. fxe5 Rxf1 28. Rxf1 Bxe5 29. Qe4 Rg4 30. Qf5 Bxg3 31. hxg3 Re4 32. Rf2 Re5 33. Qf4 Qg6 34. Qf8+ Kh7 35. Qf7 Qe4+ 36. Qf3 Kg6 37. Qxe4+ Rxe4 38. Kh3 b5 39. Rc2 Kf6 40. c5 dxc5 41. Rxc5 Rd4 42. Rc6+ Kf5 43. Rxa6 g5 44. Ra5 Rd2 45. g4+ Kf4 0-1